Vista normal Vista MARC

Entrada Materia (personas)

Número de registros utilizados en: 1

001 - CONTROL NUMBER

  • control field: 63597

003 - CONTROL NUMBER IDENTIFIER

  • control field: Co-BoUCM

005 - DATE AND TIME OF LATEST TRANSACTION

  • control field: 20140805153600.0

008 - FIXED-LENGTH DATA ELEMENTS

  • fixed length control field: 140805|| aca||aabn | a|a d

040 ## - CATALOGING SOURCE

  • Original cataloging agency: Co-BoUCM
  • Transcribing agency: Co-BoUCM

100 ## - HEADING--PERSONAL NAME

  • Personal name: Buñuel, Luis
  • Dates associated with a name: 1900-1983

670 ## - SOURCE DATA FOUND

  • Source citation: Work cat.: (Co-BoUCM)49528: Robinson Crusoe, 1952